000 01067nam a2200265 i 4500
001 183553
003 ES-MaACL
005 20231106115051.0
008 140718s2014 ru abcf |||| |drus d
020 _a978-5-7133-1446-0
080 _a327(460)(09)
245 0 0 _aIstoria vneshney politiki Ispanii /
_cN.E. Anikeeva, V.A. Vediushkin, O.V. Volosiuk ... [et al.].
246 3 _aHistoria de la política exterior de España
260 _aMoskva :
_bMezhdunarodnye otnoshenia,
_c2014.
300 _a502 p., [16] p. de lám col. y n., [16] p. de mapas col. :
_bil., retr. ;
_c22 cm.
490 1 _aIstoria vneshney politiki zarubezhnykh stran
546 _aTexto en caracteres cirílicos.
651 4 _aEspaña-
_xPolítica exterior-
_xHistoria.
_98427
710 2 _aUniversidad Estatal de Moscú.
_9155011
830 0 _aIstoria vneshney politiki zarubezhnykh stran
_9224999
852 _aES-MaACL
_9190495
_bR-150086
_jA-13163
_dOlim: N-6163
_x enc. cartoné
_cDEPO1
942 _2udc
_cMONOGRAFIA
999 _c183553
_d183553